000 00759 a2200205 4500
003 Nust
005 20221115100144.0
010 _a 77020888
020 _a0471018880
040 _cNust
082 0 0 _a621.367,PRA
100 1 _aPratt, William K.
_958457
245 1 0 _aDigital image processing /
_cWilliam K. Pratt.
250 _a3rd ed. /
260 _aNew York :
_bWiley,
_cc1978.
300 _ax, 735 p. :
_bill. ;
_c24 cm.
505 _aContinuous Image Characterization (Page-1), Digital Image Characterization (Page-89), Discrete Two-Dimensional Linear Processing (Page-159), Image Improvement (Page-241), Image Analysis (Page-399), Image Processing Software (Page-641).
650 0 _aImage processing
_xDigital techniques.
_9673
942 _cBK
_2ddc
999 _c180964
_d180964